Vowel-less Superheroes - Statistics

General Stats
  • This quiz has been taken 30 times
  • The average score is 16 of 20
Answer Stats
Vowel-less Name Superhero % Correct
wndr wmn Wonder Woman
96%
grn lntrn Green Lantern
92%
rbn Robin
92%
cptn mrvl Captain Marvel
88%
flsh Flash
88%
hlk Hulk
88%
wlvrn Wolverine
88%
btmn Batman
84%
cptn mrc Captain America
84%
dctr strng Doctor Strange
84%
mr fntstc Mr. Fantastic
84%
hwk Hawkeye
80%
sprgrl Supergirl
80%
sprmn Superman
80%
nghtwng Nightwing
72%
cclps Cyclops
68%
thng Thing
60%
strgrl Stargirl
56%
rn mn Iron Man
52%
clsss Colossus
40%
No matching quizzes found
Score Distribution
Percent of People with Each Score
Percentile by Number Answered
Your Score History
You have not taken this quiz